000 00559nam a2200181Ia 4500
003 GCL
008 140319s9999 xx 000 0 ara d
040 _aGCL /
_cGCL
082 0 4 _a792.09
_bك س
100 1 _aكمال عيد
245 1 0 _aسينوغرافيا :
_bالمسرح عبر العصور /
_cكمال عيد
250 _aالاولى
260 _aالقاهرة :
_bالدار الثقافية للنشر ،
_c1998
300 _a158 ص ؛
_c24 سم
650 0 4 _aالمسرح - نقد
650 0 4 _aالمسرح - تاريخ
942 _2ddc
_cBK
999 _c5271
_d5271